1271 1122 1318 1466 1230 1850 1965 1567 1311 1454 1862 1317 1765 1419 1094 1739 1624 1014 1540 1372 1533 1852 1733 1291 1767 1506 1130 1793 1026 1891 1511 1487 1492 1076 1982 1801 1670 1013 1070 1447 1050 1465 1777 1075 1471 1926 1596 1116 1914 1118 1642 1411 1572 1715 1729 1479 1115 1960 1202 1697 1001 1655 1034 1686 1964 1844 1724 1917 1678 1937 1794 1186 1360 1802 1182 1235 1120 1782 1661 1102 1271 1230 1200 1289 1778 1285 1642 1480 1618 1564 1780 1985 1689 1054 1233 1975 1103 1499 1351 BCNSPRNW ULIB Ver.6.0+V

เปลี่ยนเป็นภาษาไทย

Change to English
 แสดงรายละเอียดบรรณานุกรม
  กลับหน้าหลัก

Brief Record : Get Marc (ISO 2709) : E-mail record : QR code < ปิดหน้าต่าง
LEADER : 00000nam 2200000uu 4500
001    13399126314
003     ULIB
008    180905s2561||||th 000 0 tha d
020    ^a9786163143679
060    ^aWB105 ว617อ
100    ^aวินชนะ ศรีวิไลทนต์
245    ^aอาการวิทยาและการจำแนกภาวะทางเวชศาสตร์ฉุกเฉิน
250    ^aพิมพ์ครั้งที่ 1
260    ^aปทุมธานี :^bโรงพิมพ์มหาวิทยาลัยธรรมศาสตร์ศููนย์รังสิต,^c2561
300    ^a276 หน้า^bภาพประกอบ, ตาราง
650    ^aอาการวิทยา
650    ^aเวชศาสตร์ฉุกเฉิน
945    ^p350^l0^i004529
945    ^p350^l0^i004530
945    ^p350^l0^i004531
999    ^aประนอม เกษจรัล
รายการนี้ยังไม่มีแท็ก
คุณยังไม่ได้ล็อกอิน คุณสามารถมีกิจกรรมร่วมกับเว็บไซต์ได้ แต่ต้องล็อกอินก่อน ::
  ล็อกอิน

รายการสื่อสารสนเทศ

ลำดับที่ ประเภท เลขเรียก/บาร์โค้ด สถานที่ สถานะ
1. วิทยาศาสตร์การแพทย์ และสุขภาพ
หนังสือสำรอง
สถานะ=หนังสือสำรอง
WB105 ว617อ ฉ.1 
  Barcode: 004529
ห้องสมุดวิทยาเขตสวรรค์ประชารักษ์
►หนังสือทั่วไป
บนชั้น
2. วิทยาศาสตร์การแพทย์ และสุขภาพ
วิทยาศาสตร์การแพทย์ และสุขภาพ
WB105 ว617อ ฉ.2 
  Barcode: 004530
ห้องสมุดวิทยาเขตสวรรค์ประชารักษ์
►หนังสือทั่วไป
บนชั้น
3. วิทยาศาสตร์การแพทย์ และสุขภาพ
วิทยาศาสตร์การแพทย์ และสุขภาพ
WB105 ว617อ ฉ.3 
  Barcode: 004531
ห้องสมุดวิทยาเขตสวรรค์ประชารักษ์
►หนังสือทั่วไป
บนชั้น

รายการใกล้เคียง
    ชื่อเรื่อง [อาการวิทยาและการจำแนกภาวะทางเวชศาสตร์ฉุกเฉิน]

    ผู้แต่ง [วินชนะ ศรีวิไลทนต์]

    หัวเรื่อง [อาการวิทยา]
    หัวเรื่อง [เวชศาสตร์ฉุกเฉิน]

BibComment


ยังไม่เคยถูกคอมเมนท์

คอมเมนท์ทรัพยากรรายการนี้
  คอมเมนท์: อาการวิทยาและการ..


 Copyright 2026. Bcnsprnw @Library